[Event "XV It"]
[Site "Pamplona ESP"]
[Date "2005.12.23"]
[Round "1"]
[White "Fressinet,L"]
[Black "Ponomariov,R"]
[Result "1/2-1/2"]
[WhiteElo "2624"]
[BlackElo "2704"]

1.e4 e6 2.d4 d5 3.Nc3 Bb4 4.exd5 exd5 5.Bd3 Nc6 6.a3 Ba5 7.Be3 Nf6 8.h3 O-O
9.Ne2 Ne7 10.O-O c6 11.Ng3 Ng6 12.Qd2 Re8 13.Rae1 Qd6 14.f4 Bd7 15.Qf2 Bc7
16.Nce2 Re7 17.Bd2 a5 18.f5 Rxe2 19.Rxe2 Qxg3 20.Qxg3 Bxg3 21.fxg6 hxg6 22.Bg5 Nh7
23.Bf4 Bh4 24.Bd6 Bd8 25.c3 Ng5 26.Be7 Ne6 27.Bxd8 Rxd8 28.Ref2 Be8 29.Re1 Bd7
30.Kh2 a4 31.Ref1 Be8 32.Re1 Bd7 33.Ref1 Be8 34.h4 b6 35.Re1 Rd6 36.Bc2 c5
37.dxc5 bxc5 38.Rd2 Bc6 39.Be4 Kf8 40.Bf3 Ke7 41.Kg3 f5 42.Kf2 Kf6 43.g4 g5
44.gxf5  1/2-1/2

[Event "XIII TCh-RUS"]
[Site "Sochi RUS"]
[Date "2006.04.20"]
[Round "1"]
[White "Zvjaginsev,V"]
[Black "Ponomariov,R"]
[Result "1-0"]
[WhiteElo "2670"]
[BlackElo "2738"]

1.e4 c5 2.Na3 Nc6 3.Bb5 g6 4.c3 Bg7 5.d3 Nf6 6.f4 O-O 7.Nf3 d6 8.O-O Bd7
9.Qe1 e6 10.Qh4 Nh5 11.g4 Qxh4 12.Nxh4 Bf6 13.Nxg6 hxg6 14.gxh5 gxh5 15.Ba4 d5
16.Bd1 c4 17.e5 Be7 18.dxc4 d4 19.Nc2 dxc3 20.bxc3 Na5 21.Ba3 Bxa3 22.Nxa3 Rac8
23.Be2 f6 24.Rad1 Be8 25.f5 fxe5 26.fxe6 Rxf1+ 27.Rxf1 Kg7 28.Bf3 b5 29.cxb5 Rxc3
30.Nb1 Rc5 31.Be2 e4 32.Kf2 e3+ 33.Kxe3 Re5+ 34.Kf3 Bxb5 35.Bxb5 Rxb5 36.Re1 Rf5+
37.Kg3 Kf8 38.Nd2 Ke7 39.Nf3 Rd5 40.Kh4 Nc4 41.Ng5 Rd2 42.Rc1 Nd6 43.h3 Ne8
44.Kxh5 Rxa2 45.Kg6 Ra4 46.Rb1 Nd6 47.Rb8 Rf4 48.Ra8 Rf6+ 49.Kh5 Nb5 50.h4 Rf4
51.Rh8 Nd6 52.Rh7+ Ke8 53.Rxa7 Nf5 54.Nh7 Nd4 55.Kg6 Nxe6 56.Nf6+ Kd8 57.Ra8+ Kc7
58.Nd5+  1-0

[Event "XIII TCh-RUS"]
[Site "Sochi RUS"]
[Date "2006.04.27"]
[Round "8"]
[White "Sutovsky,E"]
[Black "Ponomariov,R"]
[Result "0-1"]
[WhiteElo "2628"]
[BlackElo "2738"]

1.e4 e5 2.Nf3 Nc6 3.Bb5 a6 4.Ba4 Nf6 5.O-O Be7 6.Re1 b5 7.Bb3 O-O 8.a4 b4
9.d3 d6 10.a5 Be6 11.Nbd2 Qc8 12.Bc4 Rd8 13.Bxe6 Qxe6 14.Nc4 Rab8 15.b3 Rb5
16.Bb2 Nd7 17.Ne3 Re8 18.d4 exd4 19.Nd5 Bd8 20.Nxd4 Nxd4 21.Qxd4 Qe5 22.Qxe5 Nxe5
23.Red1 Nc6 24.f3 f5 25.exf5 Re2 26.Rac1 Rc5 27.Nf4 Rexc2 28.Ne6 Rxc1 29.Rxc1 Rxc1+
30.Bxc1 Bf6 31.Nxc7 Nxa5 32.Nxa6 Nxb3 33.Be3 Bc3 34.Nc7 Nd4 35.Nd5 Nb5 36.Nxc3 Nxc3
37.Bd2 Ne2+  0-1

[Event "10th Petr Izmailov Mem"]
[Site "Tomsk RUS"]
[Date "2006.07.12"]
[Round "2"]
[White "Kasimdzhanov,R"]
[Black "Ponomariov,R"]
[Result "1-0"]
[WhiteElo "2672"]
[BlackElo "2721"]

1.e4 c5 2.Nf3 d6 3.d4 cxd4 4.Nxd4 Nf6 5.Nc3 Nc6 6.Bg5 e6 7.Qd2 Be7 8.O-O-O Nxd4
9.Qxd4 O-O 10.f4 Qa5 11.Bc4 Bd7 12.e5 dxe5 13.fxe5 Bc6 14.Bd2 Bc5 15.Qf4 Nd7
16.Rhe1 Qc7 17.Qg3 Rfc8 18.Bh6 Bf8 19.Rd4 g6 20.Bxf8 Nxf8 21.h4 Rd8 22.Rf4 Rd7
23.h5 Rad8 24.Qh4 Rc8 25.Bd3 Qd8 26.Qg3 Rd4 27.Ref1 Rxf4 28.Qxf4 Rc7 29.Be4 gxh5
30.Bxc6 Ng6 31.Qh6 bxc6 32.Ne4 f5 33.exf6 Qd4 34.Rd1  1-0

[Event "10th Petr Izmailov Mem"]
[Site "Tomsk RUS"]
[Date "2006.07.15"]
[Round "7"]
[White "Ponomariov,R"]
[Black "Kasimdzhanov,R"]
[Result "1/2-1/2"]
[WhiteElo "2721"]
[BlackElo "2672"]

1.d4 Nf6 2.c4 g6 3.Nc3 Bg7 4.e4 d6 5.Nge2 O-O 6.Ng3 e5 7.d5 a5 8.Be2 Na6
9.Bg5 h6 10.Be3 Nh7 11.Qd2 h5 12.O-O-O Bd7 13.Kb1 Nc5 14.Nf1 Na4 15.Nb5 f5
16.Qc2 Nc5 17.Nd2 b6 18.f3 Bf6 19.exf5 Bxf5 20.Ne4 Nxe4 21.fxe4 Bd7 22.Rhf1 Bg5
23.Rxf8+ Kxf8 24.Bg1 Kg7 25.a3 Nf6 26.Ka2 Rc8 27.Rf1 Qe7 28.Bd3 h4 29.b4 axb4
30.axb4 c6 31.Nc3 cxd5 32.cxd5 h3 33.Kb2 Ng4 34.Rf3 hxg2 35.Qxg2 Bh6 36.h3 Nf6
37.Bxb6 Nh5 38.Ba6 Rb8 39.Ba5 Nf4 40.Qf1 Qh4 41.Qc4 Rf8 42.Qc7 Rf7 43.Qxd6 Bxh3
44.Bd8 Qh5 45.Rg3 Kh7 46.Kb3 Bg4 47.Ka4 Bd7+ 48.Bb5 Bxb5+ 49.Kxb5 Qh2 50.Rg5 Bxg5
51.Bxg5 Ne2 52.Nxe2 Qxe2+ 53.Kb6 Qxe4 54.Qc5 Qg4 55.Be7 e4 56.d6 Qe6 57.Bg5 Qd7
58.Be7 Qe6 59.Bg5 Qd7 60.Be7 Qe6 61.Bg5 Qd7 62.Be7 Qe6  1/2-1/2

[Event "XXI Rapid Open"]
[Site "Villarrobledo ESP"]
[Date "2006.08.05"]
[Round "1"]
[White "Garcia Gata,J"]
[Black "Ponomariov,R"]
[Result "0-1"]
[WhiteElo "2060"]
[BlackElo "2721"]

1.d4 Nf6 2.Nf3 e6 3.Bg5 h6 4.Bh4 d6 5.e3 Nbd7 6.Bd3 b6 7.c4 Bb7 8.O-O g5
9.Bg3 Ne4 10.d5 exd5 11.cxd5 Bxd5 12.Bxe4 Bxe4 13.Qd4 Nf6 14.Nc3 Bxf3 15.gxf3 Bg7
16.f4 O-O 17.fxg5 hxg5 18.h4 Re8 19.Qc4 d5 20.Qxc7 Qxc7 21.Bxc7 gxh4 22.Rfd1 Rac8
23.Bf4 Ne4 24.Rxd5 Nxc3 25.bxc3 Rxc3 26.Rg5 Rc5 27.Rxc5 bxc5 28.Rc1 Rc8 29.Bg5 c4
30.Bxh4 c3 31.Be7 f5 32.Kf1 Kf7 33.Ba3 Rc4 34.Rc2 Ra4 35.Bc1 Ke6 36.Ke2 Kd5
37.Kd3 Rh4 38.f3 Rh3 39.f4 Rh1 40.Ba3 a5 41.Rg2 Bf6 42.Kc2 Ra1 43.Rg6 Rxa2+
44.Kb3 Rxa3+ 45.Kxa3 c2 46.Rg1 Kc4 47.Ka4 Bb2 48.Kxa5 c1=Q 49.Rxc1+ Bxc1  0-1

[Event "XXI Rapid Open"]
[Site "Villarrobledo ESP"]
[Date "2006.08.05"]
[Round "2"]
[White "Ponomariov,R"]
[Black "Almagro Mazariegos,S"]
[Result "1-0"]
[WhiteElo "2721"]
[BlackElo "2311"]

1.e4 c5 2.Nf3 d6 3.d4 cxd4 4.Nxd4 Nf6 5.Nc3 a6 6.Be3 e5 7.Nb3 Be6 8.f3 Be7
9.Qd2 Nbd7 10.g4 O-O 11.g5 Nh5 12.O-O-O b5 13.Kb1 Rc8 14.Nd5 Bxd5 15.exd5 Nb6
16.Na5 Nxd5 17.Qxd5 Qxa5 18.c4 Rb8 19.Bd3 g6 20.Rc1 Nf4 21.Bxf4 exf4 22.cxb5 axb5
23.h4 Ra8 24.Bxb5 Rab8 25.a4 Rbc8 26.h5 Rxc1+ 27.Rxc1 Qd8 28.hxg6 hxg6 29.Bd3  1-0

[Event "XXI Rapid Open"]
[Site "Villarrobledo ESP"]
[Date "2006.08.05"]
[Round "3"]
[White "Moreno Carnero,J"]
[Black "Ponomariov,R"]
[Result "1-0"]
[WhiteElo "2509"]
[BlackElo "2721"]

1.e4 c5 2.Nf3 d6 3.d4 cxd4 4.Nxd4 Nf6 5.Nc3 a6 6.Be2 e5 7.Nb3 Be7 8.O-O Be6
9.f4 Qc7 10.g4 h6 11.g5 hxg5 12.fxg5 Nh7 13.h4 Nf8 14.Nd5 Qd8 15.Qe1 Nbd7
16.Qf2 Ng6 17.h5 Nf4 18.Bxf4 exf4 19.Nxf4 Ne5 20.Nd4 Bxg5 21.Ndxe6 fxe6 22.Ng6 Qc7
23.Nxh8 O-O-O 24.Nf7 Nxf7 25.Qxf7 Qc5+ 26.Kg2 Qe5 27.Bg4 Kb8 28.Qxe6 Qxb2
29.Qb3 Qd4  1-0

[Event "XXI Rapid Open"]
[Site "Villarrobledo ESP"]
[Date "2006.08.06"]
[Round "9"]
[White "Ponomariov,R"]
[Black "Perez,Lu"]
[Result "1-0"]
[WhiteElo "2721"]
[BlackElo "2414"]

1.e4 c5 2.Nf3 d6 3.d4 cxd4 4.Nxd4 Nf6 5.Nc3 Nc6 6.Bg5 e6 7.Qd2 a6 8.O-O-O h6
9.Nxc6 bxc6 10.Bf4 d5 11.Qe3 Bb4 12.a3 Ba5 13.exd5 cxd5 14.Be2 O-O 15.g4 Bc7
16.Bxc7 Qxc7 17.h4 Rb8 18.g5 Nh7 19.gxh6 g6 20.Qd4 e5 21.Nxd5 Qd6 22.Qe3 Bf5
23.Bc4 Rfc8 24.Nc3 Qc7 25.Bb3 a5 26.h5 a4 27.hxg6 axb3 28.gxh7+ Kxh7 29.Rd5 bxc2
30.Qxe5 Qxe5 31.Rxe5 Bg6 32.Rb5 Ra8 33.Nd5 Ra6 34.Ne7 Rc4 35.Nxg6 Rxg6 36.Rf5 Rc7
37.Rf3 Rgc6 38.Rg3 f5 39.Rhh3 Rd6 40.Rg7+  1-0

[Event "TCh-ESP Honor Gp2"]
[Site "San Sebastian ESP"]
[Date "2006.09.17"]
[Round "5"]
[White "Ponomariov,R"]
[Black "Van Wely,L"]
[Result "1/2-1/2"]
[WhiteElo "2721"]
[BlackElo "2675"]

1.e4 c5 2.Nf3 Nc6 3.d4 cxd4 4.Nxd4 Nf6 5.Nc3 e5 6.Ndb5 d6 7.Bg5 a6 8.Na3 b5
9.Nd5 Be7 10.Bxf6 Bxf6 11.c3 Bg5 12.Nc2 O-O 13.a4 bxa4 14.Rxa4 a5 15.Bc4 Rb8
16.b3 Kh8 17.Nce3 g6 18.h4 Bxh4 19.g3 Bg5 20.f4 exf4 21.gxf4 Bh4+ 22.Kd2 f5
23.Bd3 Ne7 24.Rxh4 Nxd5 25.Qh1 Nf6 26.exf5 gxf5 27.Nxf5 Bxf5 28.Bxf5 Qc7
29.Bc2 Rb5 30.Rc4 Rc5 31.Rxc5  1/2-1/2

[Event "Magistral Ruy Lopez"]
[Site "Zafra ESP"]
[Date "2007.03.23"]
[Round "7"]
[White "Stefanova,A"]
[Black "Ponomariov,R"]
[Result "1/2-1/2"]
[WhiteElo "2483"]
[BlackElo "2723"]

1.d4 e6 2.Nf3 c5 3.c3 Nc6 4.e4 d5 5.exd5 exd5 6.Bb5 Bd6 7.dxc5 Bxc5 8.O-O Ne7
9.Bf4 O-O 10.Nbd2 Ng6 11.Bg3 f5 12.Bxc6 bxc6 13.Be5 Bb6 14.Qa4 c5 15.Qc6 Ba6
16.Qe6+ Rf7 17.Rfe1 Qd7 18.Qxd7 Rxd7 19.a4 Re8 20.h4 Rde7 21.a5 Bd8 22.Bd6 Rxe1+
23.Rxe1 Rxe1+ 24.Nxe1 c4 25.h5 Nf8 26.Bc5 Bxa5 27.Bxa7 Nd7 28.Nc2 Nf6 29.Bd4 Nxh5
30.Ne3 Nf4 31.Nxf5 Kf7 32.Kf1 g6 33.Ne3 Ke6 34.Nf3 Bd8 35.Ne1 g5 36.N1c2 Nd3
37.Nd1 h5 38.f3 Bb5 39.Ne1 Nc1 40.Be3 Nb3 41.Nc2 Kd6 42.Nf2 Bd7 43.g4 hxg4
44.fxg4 Nc5 45.Ne1 Na4 46.Bc1 Bb6 47.Nf3 Bxf2 48.Kxf2 Bxg4 49.Nxg5 Ke5 50.Ke3 Nc5
51.Nf7+ Ke6 52.Ng5+ Ke5 53.Nf7+ Kf6 54.Nd6 Nb3 55.Bd2 Bd7 56.Be1 Ke6 57.Bg3 Bc6
58.Bh2 Ba4 59.Nb7 Bb5 60.Nd8+ Ke7 61.Nb7 Ke6 62.Nd8+ Ke7 63.Nb7 Ke6  1/2-1/2

[Event "1st Ruy Lopez Open"]
[Site "Zafra ESP ESP"]
[Date "2007.03.24"]
[Round "1"]
[White "Ponomariov,R"]
[Black "Holgado Maestre,A"]
[Result "1-0"]
[WhiteElo "2723"]
[BlackElo "1930"]

1.e4 e5 2.Nf3 Nc6 3.Bb5 a6 4.Ba4 Nf6 5.O-O Be7 6.d3 b5 7.Bb3 O-O 8.a4 Bb7
9.Nc3 bxa4 10.Rxa4 d6 11.Nd5 Nb8 12.Nxe7+ Qxe7 13.Nh4 Nbd7 14.Nf5 Qd8 15.Be3 c5
16.f4 Nb6 17.fxe5 Nxa4 18.exf6 Nxb2 19.Nh6+ Kh8 20.fxg7+ Kxg7 21.Qg4+ Kh8
22.Rxf7 d5 23.Qg7+  1-0

[Event "1st Ruy Lopez Open"]
[Site "Zafra ESP ESP"]
[Date "2007.03.24"]
[Round "2"]
[White "Garcia Romero,B"]
[Black "Ponomariov,R"]
[Result "0-1"]
[WhiteElo "2235"]
[BlackElo "2723"]

1.e4 e5 2.Nf3 Nc6 3.Bb5 a6 4.Ba4 Nf6 5.O-O Be7 6.Re1 b5 7.Bb3 O-O 8.a4 b4
9.a5 d5 10.exd5 Nxd5 11.d4 exd4 12.Nxd4 Nxd4 13.Qxd4 Bb7 14.Nd2 Re8 15.Ne4 Nf6
16.Qxd8 Raxd8 17.Ng5 Bd5 18.Bxd5 Nxd5 19.Bd2 Bf6 20.Rxe8+ Rxe8 21.Rb1 c5
22.Nf3 c4 23.c3 bxc3 24.bxc3 Nxc3 25.Bxc3 Bxc3 26.Rc1 Rb8 27.Kf1 Rb3 28.g3 h6
29.Ng1 Bxa5 30.Rxc4 Bb6 31.h4 a5 32.Ne2 Rf3 33.Nd4 Rf6 34.Ke2 Bxd4 35.Rxd4 Ra6
36.Ra4 Kf8 37.Kd3 Ke7 38.Kc4 Ke6 39.Kb5 Ra8 40.h5 g5 41.f4 gxf4 42.Rxf4 a4
43.Rf2 a3 44.Ra2 Kf5 45.Kb4 Kg4  0-1

[Event "XXII Rapid"]
[Site "Villarrobledo ESP"]
[Date "2007.08.04"]
[Round "1"]
[White "Costa Costa,E"]
[Black "Ponomariov,R"]
[Result "0-1"]
[WhiteElo "2035"]
[BlackElo "2706"]

1.d4 Nc6 2.Nf3 d5 3.Bf4 Bg4 4.Ne5 Nxe5 5.Bxe5 f6 6.Bg3 c5 7.c3 Nh6 8.h3 Bh5
9.Qa4+ Qd7 10.Qxd7+ Kxd7 11.dxc5 e5 12.e4 dxe4 13.Nd2 e3 14.Bb5+ Kc7 15.Nb3 Nf5
16.Bh2 Bf7 17.g4 exf2+ 18.Kxf2 Bxb3 19.axb3 Bxc5+ 20.Ke2 Ne7 21.b4 Bb6 22.Rhd1 Rad8
23.g5 a6 24.Bc4 Ng6 25.gxf6 gxf6 26.Bg3 f5 27.Be6 f4 28.Bh2 Nh4 29.Rd5 Rhe8
30.Rxe5 Rd6 31.Bxf4 Ng6 32.Bf7 Nxf4+  0-1

[Event "XXII Rapid"]
[Site "Villarrobledo ESP"]
[Date "2007.08.05"]
[Round "8"]
[White "Ponomariov,R"]
[Black "Giaccio,A"]
[Result "1-0"]
[WhiteElo "2706"]
[BlackElo "2469"]

1.e4 e6 2.d4 d5 3.Nc3 Bb4 4.e5 c5 5.a3 Bxc3+ 6.bxc3 Qa5 7.Bd2 Qa4 8.Qb1 c4
9.h4 Nc6 10.h5 h6 11.g3 Nge7 12.Bg2 Bd7 13.Nh3 O-O-O 14.O-O Kb8 15.Nf4 Nc8
16.Bh3 Nb6 17.Qc1 Ka8 18.Ng2 Qa5 19.a4 Nxa4 20.Ne3 b5 21.Bg2 Bc8 22.f4 g6
23.Bf3 a6 24.Kg2 Ne7 25.Ng4 Qc7 26.Rh1 Nf5 27.Nf6 Bb7 28.Rh3 Nb6 29.g4 Ne7
30.Qh1 Nd7 31.hxg6 Nxg6 32.Nxd7 Qxd7 33.Kf2 Rdg8 34.Rh5 Qd8 35.f5 Ne7 36.f6 Ng6
37.Bxh6 Rxh6 38.Rxh6 Qb6 39.Kg3 Qc7 40.Qh5 Qd8 41.Rh7 Qf8 42.Qh6 Qxh6 43.Rxh6 Ka7
44.Rh7 Rf8 45.g5 Kb6 46.Bh5 Nh8 47.Rxh8 Rxh8 48.Bxf7  1-0

[Event "Tal Memorial Blitz"]
[Site "Moscow RUS"]
[Date "2008.08.30"]
[Round "27"]
[White "Tkachiev,V"]
[Black "Ponomariov,R"]
[Result "1-0"]
[WhiteElo "2664"]
[BlackElo "2718"]

1.e4 c5 2.c3 e6 3.d4 d5 4.exd5 exd5 5.Nf3 Nc6 6.Bb5 Bd6 7.O-O Ne7 8.dxc5 Bxc5
9.Nbd2 O-O 10.Nb3 Bb6 11.Re1 Nf5 12.Bd3 Bc7 13.h3 Qd6 14.Nbd4 Nfxd4 15.cxd4 h6
16.Be3 Re8 17.Bf4  1-0

[Event "TCh-ESP Hon Gp1"]
[Site "Cala Mayor ESP"]
[Date "2008.09.05"]
[Round "3"]
[White "Ponomariov,R"]
[Black "Fernandez Romero,Ern"]
[Result "1-0"]
[WhiteElo "2718"]
[BlackElo "2455"]

1.e4 c5 2.Nf3 d6 3.d4 cxd4 4.Nxd4 Nf6 5.Nc3 Nc6 6.Bg5 e6 7.Qd2 a6 8.O-O-O Bd7
9.f3 Be7 10.h4 h6 11.Be3 h5 12.Bg5 Ne5 13.f4 Neg4 14.Qe1 Qc7 15.Be2 O-O-O
16.Bxg4 hxg4 17.e5 dxe5 18.fxe5 Nd5 19.Nxd5 Bxg5+ 20.hxg5 exd5 21.Rf1 Rhe8
22.Rxf7 Rxe5 23.Qf2 Rg8 24.Nb3 b6 25.Rd3 Qd6 26.Rc3+ Kd8 27.Nd4 Ke8 28.Qf4 Re1+
29.Kd2 Qxf4+ 30.Rxf4 Rg1 31.Rf2 Rh8 32.Ne2 Rb1 33.Rb3 Rhh1 34.Rxb6 Bb5 35.Nd4 Rxb2
36.Re6+  1-0

[Event "TCh-ESP CECLUB Final"]
[Site "Motril ESP"]
[Date "2008.11.01"]
[Round "1"]
[White "Ponomariov,R"]
[Black "Eljanov,P"]
[Result "1-0"]
[WhiteElo "2719"]
[BlackElo "2720"]

1.e4 e5 2.Nf3 Nc6 3.Bb5 Nf6 4.O-O Nxe4 5.d4 Nd6 6.Bxc6 dxc6 7.dxe5 Nf5 8.Qxd8+ Kxd8
9.Nc3 Ne7 10.h3 Ng6 11.b3 Ke8 12.Bb2 Nf4 13.Nd4 a6 14.Rad1 h5 15.Bc1 Nd5
16.Ne4 h4 17.c4 Nb6 18.e6 c5 19.exf7+ Kxf7 20.Nf3 Bf5 21.Bf4 Kg8 22.Rfe1 Nd7
23.Bxc7 b5 24.Nd6 Bxd6 25.Rxd6 Nf6 26.Ba5 Rh5 27.Rc6 Bc2 28.Bc3 Ne4 29.Ba1 bxc4
30.bxc4 Ra7 31.Ne5 Kh7 32.f3 Ng5 33.Rxc5 Ne6 34.Rd5 Nf4 35.Rd2 Bf5 36.c5 Rg5
37.Kh2 Rg3 38.c6 Re7 39.Rc1 Bxh3 40.gxh3  1-0

[Event "11th Rector Cup Match of Champions"]
[Site "Kharkov UKR"]
[Date "2009.03.27"]
[Round "2"]
[White "Ponomariov,R"]
[Black "Eljanov,P"]
[Result "1-0"]
[WhiteElo "2726"]
[BlackElo "2693"]

1.d4 Nf6 2.c4 e6 3.Nc3 Bb4 4.e3 O-O 5.Ne2 d5 6.a3 Be7 7.cxd5 exd5 8.g3 Nbd7
9.Bg2 Nb6 10.O-O a5 11.h3 Re8 12.g4 h6 13.Ng3 c6 14.f4 Nh7 15.b3 Bh4 16.Kh2 Bxg3+
17.Kxg3 f5 18.a4 Be6 19.Bf3 Nc8 20.Ra2 Nd6 21.Rg2 Nf6 22.Kh2 b5 23.g5 hxg5
24.fxg5 Nh7 25.h4 bxa4 26.Nxa4 Nf8 27.Nc5 Bc8 28.Qc2 f4 29.Bh5 Bf5 30.e4 Rxe4
31.Qf2 Ng6 32.Bf3 Re8 33.h5 Ne4 34.Bxe4 dxe4 35.Bxf4 Nxf4 36.Qxf4 Qe7 37.Qxf5 Rf8
38.Qe6+  1-0

[Event "11th Rector Cup Match of Champions"]
[Site "Kharkov UKR"]
[Date "2009.03.28"]
[Round "3"]
[White "Eljanov,P"]
[Black "Ponomariov,R"]
[Result "1/2-1/2"]
[WhiteElo "2693"]
[BlackElo "2726"]

1.d4 e6 2.c4 d5 3.Nf3 a6 4.cxd5 exd5 5.Nc3 c6 6.Qb3 Nf6 7.Bg5 Be7 8.e3 O-O
9.Bd3 Nbd7 10.O-O Re8 11.Rae1 Nf8 12.Bxf6 Bxf6 13.e4 dxe4 14.Nxe4 Ne6 15.Nxf6+ Qxf6
16.Re5 Rf8 17.Rfe1 g6 18.Qb4 a5 19.Qa3 Bd7 20.Bc4 Kg7 21.h3 b5 22.Bf1 Rfd8
23.R1e4 Be8 24.Qe3 Rd6 25.h4 h5 26.Ng5 Bd7 27.Qg3 Nxd4 28.Rf4 Nf5 29.Rexf5 Bxf5
30.Rxf5 gxf5 31.Ne4+ Qg6 32.Nxd6 Qxg3 33.Nxf5+ Kg6 34.Nxg3 Rd8 35.Be2 Rd2
36.Bxh5+ Kg7 37.Bf3 c5 38.h5 Rxb2 39.Nf5+ Kf6 40.h6 Rd2 41.h7 Rd8 42.Nd6 b4
43.Nb7 Rh8 44.Be4 Ke5 45.Bc2 f5 46.Nxa5 Rxh7 47.Bb3 f4 48.Kf1 Rg7 49.Nc4+ Kd4
50.Ke2 Rxg2 51.Kf3 Rh2 52.Nd6 Ke5 53.Nc4+ Kd4 54.Na5 Kc3 55.Nc4 Kd4  1/2-1/2

[Event "XXIV Rapid"]
[Site "Villarrobledo ESP"]
[Date "2009.07.26"]
[Round "6"]
[White "Ponomariov,R"]
[Black "Paunovic,D"]
[Result "1/2-1/2"]
[WhiteElo "2727"]
[BlackElo "2533"]

1.d4 Nf6 2.c4 g6 3.Nc3 Bg7 4.e4 d6 5.Be2 O-O 6.Be3 e5 7.d5 a5 8.g4 Na6 9.h4 Nc5
10.f3 c6 11.Nh3 cxd5 12.cxd5 h5 13.Nf2 a4 14.Qd2 Qa5 15.Nb5 Qd8 16.g5 Ne8
17.Nd3 Nxd3+ 18.Bxd3 Bd7 19.Qb4 Qe7 20.Rc1 Bxb5 21.Qxb5 f6 22.Be2 a3 23.b3 fxg5
24.hxg5 Rf4 25.Kd2 Rf7 26.Rc4 Bf8 27.Rhc1 Qd8 28.Qb6 Qd7 29.Ra4 Rxa4 30.bxa4 Ng7
31.a5 h4 32.Rh1 Nh5 33.Rxh4 Nf4 34.Bf1 Rh7 35.Bb5 Qe7 36.Rxh7 Qxh7 37.Bxf4 exf4
38.Qd8 Qh2+ 39.Be2 Qg1 40.Qf6 Qe3+ 41.Kd1 Bg7 42.Qe6+ Kh7 43.Qh3+ Kg8 44.Qc8+ Kh7
45.Qh3+ Kg8 46.Qc8+ Kh7 47.Qh3+  1/2-1/2

[Event "Champions Simul"]
[Site "Zuerich SUI"]
[Date "2009.08.23"]
[Round "1"]
[White "Ponomariov,R"]
[Black "Maeser,P"]
[Result "1-0"]
[WhiteElo "2727"]
[BlackElo "2235"]

1.e4 e6 2.d4 d5 3.Nd2 c5 4.Ngf3 Nc6 5.exd5 exd5 6.Bb5 Bd6 7.dxc5 Bxc5 8.O-O Ne7
9.Nb3 Bb6 10.Re1 O-O 11.Bg5 h6 12.Bh4 f6 13.Nfd4 Nxd4 14.Nxd4 Bxd4 15.Qxd4 Nf5
16.Qa4 Qb6 17.Bg3 a6 18.Bd3 Nxg3 19.hxg3 Qxb2 20.Qa5 Qd4 21.Qc7 b5 22.Re7 f5
23.Rae1 Qf6 24.R1e5 d4 25.f4 Kh8 26.a3 Qg6 27.Kf2 Qf6 28.Qc5 h5 29.Qxd4 Rb8
30.Be2 h4 31.Qe3 Rb7 32.Re8 Rf7 33.Qc5 hxg3+ 34.Kxg3 Bb7 35.Bh5 g6 36.R8e6 gxh5
37.Rxf6 Rxf6 38.Qd4 Be4 39.Kh4 R8f7 40.Re6  1-0

[Event "Champions Simul"]
[Site "Zuerich SUI"]
[Date "2009.08.23"]
[Round "1"]
[White "Ponomariov,R"]
[Black "Wyss,J"]
[Result "1-0"]
[WhiteElo "2727"]
[BlackElo "2269"]

1.e4 e6 2.d4 d5 3.Nd2 Nf6 4.e5 Nfd7 5.c3 c5 6.f4 Nc6 7.Ndf3 Qb6 8.a3 cxd4
9.cxd4 a5 10.b3 Be7 11.h4 f6 12.Bd3 f5 13.Ne2 Qd8 14.h5 Nb6 15.g4 fxg4 16.Ng5 Bxg5
17.fxg5 a4 18.b4 Ne7 19.Nf4 Nf5 20.Qxg4 Qc7 21.Bd2 Nxd4 22.Ng6 Nb3 23.Nxh8 Nxa1
24.O-O Nb3 25.Bxh7 Qxe5 26.Bg6+ Kd7 27.Rf7+ Kc6 28.b5+ Kxb5 29.Qb4+ Ka6 30.Bd3+ Ka7
31.Bf4 Qa1+ 32.Kh2 e5 33.Bg3 Qd1 34.Qb5 Qxh5+ 35.Kg1 Qxg5 36.Kg2 Qd2+ 37.Bf2 Qa5
38.Ng6 e4 39.Ne5 Qxb5 40.Bxb5 Na5 41.Rxg7 Bf5 42.Rf7 Rg8+ 43.Kh2 Rh8+ 44.Kg3 Bc8
45.Rf6 Rh3+ 46.Kf4 e3 47.Bxe3 Rxe3 48.Kxe3 Nb3 49.Rf7 d4+ 50.Kd3 Nd5 51.Bxa4 Nc5+
52.Kxd4 Nxa4 53.Kxd5 Ka6 54.Rf8 Kb5 55.Kd6 Bh3 56.Rf3 Bg2 57.Rb3+ Ka6 58.Nd7 Ka7
59.Kc7 Bc6 60.Nb8 Bd5 61.Rb5 Bc4 62.Ra5+  1-0

[Event "Champions Rapid"]
[Site "Zuerich SUI"]
[Date "2009.08.23"]
[Round "4"]
[White "Ponomariov,R"]
[Black "Hug,W"]
[Result "1-0"]
[WhiteElo "2727"]
[BlackElo "2453"]

1.d4 Nf6 2.c4 d6 3.Nc3 g6 4.e4 Bg7 5.Be2 O-O 6.Be3 Na6 7.Nf3 Qe8 8.Nd2 e5
9.d5 c5 10.g4 Qe7 11.h4 Ne8 12.h5 f5 13.gxf5 gxf5 14.exf5 Bxf5 15.h6 Bf6
16.Nde4 Kh8 17.Bg4 Bg6 18.Qe2 Rb8 19.O-O-O Nac7 20.Bh5 Bxe4 21.Nxe4 b5 22.Rhg1 bxc4
23.Qg4 Rb4 24.Rg2 c3 25.bxc3 Rxe4 26.Qxe4 Nb5 27.Rdg1 Qd8 28.Qg4 Nec7 29.Qg7+  1-0

[Event "Champions Rapid"]
[Site "Zuerich SUI"]
[Date "2009.08.23"]
[Round "6"]
[White "Topalov,V"]
[Black "Ponomariov,R"]
[Result "1-0"]
[WhiteElo "2813"]
[BlackElo "2727"]

1.d4 Nf6 2.Nf3 d5 3.c4 e6 4.g3 Bb4+ 5.Bd2 Bd6 6.Bg2 O-O 7.Qc2 c6 8.O-O Nbd7
9.Rd1 Ne4 10.Nc3 f5 11.e3 Qe7 12.Ne2 Nxd2 13.Rxd2 Nf6 14.Rdd1 Bd7 15.Nf4 Be8
16.a3 Ne4 17.Ne5 g5 18.Nfd3 h5 19.b4 Kh8 20.f3 Nf6 21.a4 Bxb4 22.Nxb4 Qxb4
23.Rab1 Qe7 24.a5 Rc8 25.cxd5 Nxd5 26.Qb3 Rc7 27.e4 Nf6 28.Re1 fxe4 29.fxe4 Nd7
30.Nd3 Bg6 31.Rf1 Rxf1+ 32.Rxf1 Kh7 33.Qc3 c5 34.Nf2 e5 35.d5 c4 36.Rd1 Qc5
37.d6 Rc8 38.Rd5 Qc6 39.Nh3 g4 40.Ng5+ Kg8 41.h4 Bf7 42.Nxf7 Kxf7 43.Kh2 Ke6
44.Qe3 c3 45.Qg5 Kf7 46.Qxh5+ Kf8 47.Qf5+ Ke8 48.Qe6+ Kf8 49.Rd1 Qc4 50.Qxd7 c2
51.Rc1  1-0

[Event "World Blitz"]
[Site "Moscow RUS"]
[Date "2009.11.16"]
[Round "9"]
[White "Ponomariov,R"]
[Black "Anand,V"]
[Result "1/2-1/2"]
[WhiteElo "2739"]
[BlackElo "2788"]

1.d4 Nf6 2.c4 e6 3.Nf3 d5 4.Nc3 dxc4 5.e3 a6 6.Bxc4 b5 7.Bb3 Bb7 8.O-O c5
9.e4 cxd4 10.Nxd4 Nc6 11.Nxc6 Qxd1 12.Rxd1 Bxc6 13.f3 Bc5+ 14.Kf1 Ke7 15.Bg5 h6
16.Bh4 g5 17.Bf2 Bxf2 18.Kxf2 Rhc8 19.Rac1 Nd7 20.Ne2 Ne5 21.Ke3 a5 22.a3 Be8
23.Rxc8 Rxc8 24.Rc1 Rb8 25.Rc2 a4 26.Ba2 b4 27.axb4 Rxb4 28.Kd2 h5 29.Kc3 Rb8
30.Rd2 h4 31.Nd4 Kf6 32.g3 Rc8+ 33.Kb4 Rc1 34.f4 gxf4 35.gxf4 Nc6+ 36.Nxc6 Bxc6
37.f5 Ke5 38.fxe6 fxe6 39.Rd3 Rc2 40.Rh3 Rxb2+ 41.Ka3 Re2 42.Rxh4 Bxe4 43.Bc4 Rc2
44.Bxe6  1/2-1/2

[Event "World Blitz"]
[Site "Moscow RUS"]
[Date "2009.11.17"]
[Round "16"]
[White "Gashimov,V"]
[Black "Ponomariov,R"]
[Result "1/2-1/2"]
[WhiteElo "2758"]
[BlackElo "2739"]

1.e4 c5 2.Nc3 e6 3.Nf3 d6 4.d4 cxd4 5.Nxd4 Nf6 6.g4 h6 7.Rg1 Nc6 8.h4 d5
9.exd5 Nxd5 10.Nxd5 exd5 11.Be3 Be7 12.g5 hxg5 13.hxg5 Ne5 14.Qd2 Bg4 15.g6 Bf6
16.Qb4 fxg6 17.Rxg4 Nxg4 18.Ne6 Nxe3 19.Qa4+ Qd7 20.Bb5 Nxc2+ 21.Qxc2 Qxb5
22.Nc7+ Kf7 23.Nxb5 Rh1+ 24.Kd2 Rxa1 25.Qc7+ Kg8 26.Qxb7 Rd8 27.Qxa7 Rb1
28.b3 d4 29.Qa6 Rb2+ 30.Kd3 Kh7 31.Qe6 Rxf2 32.Qh3+ Kg8 33.Qe6+ Kh7 34.Qh3+ Kg8
35.Qe6+ Kh7 36.Qh3+ Kg8 37.Qe6+  1/2-1/2

[Event "World Blitz"]
[Site "Moscow RUS"]
[Date "2009.11.17"]
[Round "18"]
[White "Bareev,E"]
[Black "Ponomariov,R"]
[Result "0-1"]
[WhiteElo "2634"]
[BlackElo "2739"]

1.d4 d5 2.c4 c6 3.Nf3 Nf6 4.e3 Bg4 5.h3 Bxf3 6.Qxf3 e6 7.Nc3 Nbd7 8.Bd3 Bb4
9.Bd2 O-O 10.a3 Ba5 11.O-O Re8 12.Qd1 e5 13.cxd5 cxd5 14.Qb3 Qb6 15.Qxb6 Bxb6
16.dxe5 Nxe5 17.Bb5 Red8 18.Na4 Bc7 19.Rac1 Bd6 20.Rfd1 a6 21.Be2 b5 22.Nb6 Rab8
23.Ba5 Bf8 24.f4 Ng6 25.Bf3 Ne7 26.g4 Rd6 27.g5 Nc6 28.Rxc6 Rxc6 29.gxf6 Rcxb6
30.Bxb6 Rxb6 31.Rxd5 gxf6 32.Rd8 Kg7 33.Kf2 a5 34.Ra8 a4 35.Be4 Bc5 36.Kf3 Re6
37.f5 Rd6 38.Rb8 Bb6 39.Ke2 Kh6 40.Bd3 b4 41.axb4 Kg5 42.Rg8+ Kh4 43.Be4 h5
44.Rh8 Rd7 45.Bf3 Re7 46.e4 Bd4 47.Bxh5 Kg3 48.Ra8 Bxb2 49.Rxa4 Rxe4+ 50.Kd3 Rf4
51.Bxf7 Be5 52.Be6 Kxh3 53.Kc2 Kg3 54.Kb3 Rf3+ 55.Kc4 Rc3+ 56.Kb5 Kf4 57.Ra2 Rc1
58.Ka6 Rb1 59.b5 Bd4 60.Re2 Kf3 61.Rc2 Ke3 62.Bd7 Ke4 63.Rc6 Ra1+ 64.Kb7 Ra7+
65.Kc8 Ra8+ 66.Kc7 Ra7+ 67.Kd6 Be5+ 68.Ke6 Bd4 69.Rd6 Ra1 70.b6 Rb1 71.b7 Be5
72.Bc6+ Kf4 73.Rd5 Rb6 74.Rb5 Rxc6+ 75.Kf7 Bb8 76.Kg6 Ke4 77.Kf7  0-1

[Event "World Blitz"]
[Site "Moscow RUS"]
[Date "2009.11.17"]
[Round "21"]
[White "Ponomariov,R"]
[Black "Gelfand,B"]
[Result "1-0"]
[WhiteElo "2739"]
[BlackElo "2758"]

1.d4 d5 2.c4 c6 3.Nf3 Nf6 4.e3 Bg4 5.Qb3 Qb6 6.Nc3 e6 7.Nh4 Be7 8.h3 Bh5
9.g4 Bg6 10.Nxg6 hxg6 11.Bg2 Nbd7 12.Bd2 Qxb3 13.axb3 g5 14.f4 gxf4 15.exf4 a6
16.O-O g6 17.Rae1 Nb6 18.c5 Nbd7 19.f5 gxf5 20.gxf5 exf5 21.Rxf5 Kf8 22.Bg5 Re8
23.Ref1 Kg7 24.Ne2 Bd8 25.Ng3 Re6 26.h4 Bc7 27.R5f3 Bxg3 28.Rxg3 Nh5 29.Rg4 Kf8
30.Bh3 Rg6 31.Rg2 Ndf6 32.Rgf2 Kg7 33.Kh2 Re8 34.Bf5 Ne4 35.Bxg6 Kxg6 36.Rxf7 Nxg5
37.hxg5 Re3 38.Rxb7 Re2+ 39.Kh3 Re3+ 40.Kg2 Kxg5 41.Rbf7 Rxb3 42.R1f2 Kg4
43.Rf8 Rg3+ 44.Kf1 Rd3 45.Rg8+ Kh3 46.Rh8 Kg4 47.Rg2+ Ng3+ 48.Ke1 Kf3 49.Rf2+ Ke3
50.Rh3 Kxd4 51.Rf6 Re3+ 52.Kd1 Nf5 53.Rxe3 Nxe3+ 54.Ke2 Nc4 55.Rxc6 Nxb2
56.Rc8 Nc4 57.Kd1 a5 58.Kc2 a4 59.Kb1 Ne5 60.Ka2 Nc4 61.Rc7 Ke5 62.Rd7 Na5
63.Ka3 d4 64.Kxa4 Nc4 65.Kb4 Ne3 66.c6 Ke6 67.Kc5 Nf5 68.Rd8 Ke7 69.c7  1-0